| 000 | 01125nam0a2200313 4500 | ||
|---|---|---|---|
| 001 | RU\NLR\bibl\1807037 | ||
| 005 | 20260405225304.0 | ||
| 010 |
_a978-5-94282-644-4 _92000 |
||
| 021 |
_aRU _b2011-59614 _94209 |
||
| 035 | _a(NLR Aleph) 001797677 | ||
| 090 |
_a1786372 _c1786372 |
||
| 100 | _a20110907d2011 |||y0rusy50 ca | ||
| 101 | 0 | _arus | |
| 102 | _aRU | ||
| 105 | _aa ||||||||| | ||
| 200 | 1 |
_aВ стране фей и эльфов _eперсонажи кельтского фольклора _fСергей Шабалов |
|
| 210 |
_aМосква _cОГИ _d2011 |
||
| 215 |
_a235, [2] с. _cил., цв. ил. _d25 |
||
| 320 | _aБиблиогр.: с. 228-233 (80 назв.) | ||
| 686 | _aШ9(0)4-2 | ||
| 700 | 1 |
_4070 _7ca _8rus _aШабалов _bС. В. _cпереводчик _cфольклорист, кельт. сказания _gСергей Владимирович _986268 _3RU\NLR\auth\77103342 |
|
| 801 | 0 |
_aRU _bNLR _c20110907 _gRCR |
|
| 801 | 1 |
_aRU _bNLR _c20110907 |
|
| 942 | _cBOOK | ||
| 980 | _aNB | ||
| 980 | _aNBR | ||